000 00546nam a2200217 a 4500
999 _c5533
_d5533
001 5533
003 BD-JhCC
005 20171217192649.0
008 171217s1962 bg |||| |||| 000 0 eng d
035 _a(BD-JhCC)5533
040 _aBD-JhCC
_dBD-JhCC
041 _aeng
082 _a511
_bCHA 1962
100 _aChakravarti, Jadav Chandra
245 _aArithmetic /
_cJadav Chandra Chakravarti
260 _aIndia :
_bThe Bharat Mihir Press,
_c1962.
300 _a510 p. :
_c18 cm.
650 _aAritmatics
942 _2ddc
_cBK